| 000 | 00687nam a2200241Ia 4500 | ||
|---|---|---|---|
| 003 | OSt | ||
| 005 | 20220918183925.0 | ||
| 006 | a|||||r|||| 00| 0 | ||
| 007 | ta | ||
| 008 | 220917b |||||||| |||| 00| 0 eng d | ||
| 024 | _a42,427 | ||
| 037 | _cTextual | ||
| 040 |
_aARTS _cARTS _beng |
||
| 041 |
_2eng _aeng |
||
| 082 | _aO1511:1D47:1, G6;1 | ||
| 100 |
_aBhagavat N K ed _963921 |
||
| 245 | 0 | _aMahavamso or the great chronical of Ceylon | |
| 260 | _c1936 | ||
| 490 | _aBombay University Publications : Devanagari Pali Tests series; 2 | ||
| 650 | _aENGLISH LITERATURE | ||
| 942 |
_hO1511:1D47:1, G6;1 _cTEXL _2CC |
||
| 999 |
_c174311 _d174311 |
||